| 000 | 00608nam a2200157Ia 4500 | ||
|---|---|---|---|
| 008 | 140724s9999 xx 000 0 und d | ||
| 050 |
_aRT 42 _b.An561 2010 |
||
| 100 | _aAndres, John Ricardo. | ||
| 245 | 2 |
_aA comparative study between ER nurses and ward nurses in the practice of proper body mechanics and the occurrence of strain injuries / _cJohn Ricardo Andres. |
|
| 260 |
_aLas PiƱas, Philippines : _bSouthville International School and Colleges, _cc2010. |
||
| 300 |
_a63 p. : _bcol. ill. ; _c28 cm. |
||
| 521 | _aNursing | ||
| 650 |
_aNursing _xStudy and Teaching. |
||
| 942 | _cTH | ||
| 999 |
_c228670 _d228670 |
||